| 000 | 00682nam a2200253Ia 4500 | ||
|---|---|---|---|
| 003 | GCL | ||
| 008 | 140319s9999 xx 000 0 eng d | ||
| 040 |
_aGCL / _cGCL |
||
| 082 | 0 | 4 |
_a305.23 _bF C |
| 100 | 1 | _aFERNEA, ELIZALETH W. | |
| 245 | 1 | 0 |
_aCHILDREN IN THE MUSLIM MIDDLE EAST / _cFERNEA, ELIZALETH W. |
| 700 | 1 | _aMIDDLE EAST | |
| 700 | 1 | _aARAB GULFO | |
| 700 | 1 | _aEDUCATION | |
| 260 |
_a[S.N] : _bTHE AMERICAN UNIVERSITY IN CAIRO PRESS ، _c1995 |
||
| 300 | _a477 P | ||
| 650 | 0 | 4 | _aCHILDREN |
| 650 | 0 | 4 | _aEDUCATION |
| 650 | 0 | 4 | _aMIDDLE EAST |
| 650 | 0 | 4 | _aCHILDREN - EDUCATION |
| 650 | 0 | 4 | _aCHILDREN BOOKS AND READING |
| 650 | 0 | 4 | _aARABIC GULF |
| 942 |
_2ddc _cBK |
||
| 999 |
_c11836 _d11836 |
||